000 01177cam a2200157 4500500
005 20260208005954.0
041 _afre
042 _adc
100 1 0 _aWolf, Nelly
_eauthor
245 0 0 _aLe menuisier et la blanchisseuse.
260 _c2010.
500 _a97
520 _aDans Le Compagnon du Tour de France, de George Sand, la figure idéalisée du menuisiersert de métaphore à celle de l’écrivain. Cette identification implicite permet de projeter dansla trame romanesque les ambivalences de la posture romantique, prise entre la rhétoriqueclassique et les nouveaux protocoles d’écriture démocratique. Quarante ans plus tard, la blanchisseuse de l’ Assommoir (Zola), autre métaphore de l’écrivain, apparente l’écriture naturaliste à un travail de nettoyage. La littérature s’interroge sur sacapacité à représenter le peuple dans une société démocratique où la langue écrite est devenue le partage de tous.
786 0 _nRevue d'histoire littéraire de la France | 109 | 4 | 2010-01-06 | p. 899-908 | 0035-2411
856 4 1 _uhttps://shs.cairn.info/revue-d-histoire-litteraire-de-la-france-2009-4-page-899?lang=fr&redirect-ssocas=7080
999 _c1654658
_d1654658